00370nam a2200145Ia 4500008004100000020001500041041001200056082001600068100001600084245005700100260002500157300000800182650002100190700001300211221030s9999 xx 000 0 und d a8120310462 aEnglish a105.23bRum aJ. Rumbaugh 0aObject - Oriented Modeling & Design ( DEPARTMENTAL ) bPHIaNew Delhic2000 a500 aCSE Departmental aM. Blaha